000 00878nas a2200301 4500
001 BR0205614
003 BR-BrBNA
005 20231205103408.0
007 ta
008 230509b bl.|||p| |||| 00| 00por d
040 _aBR-BrBNA
_bpor
_cBiblioteca Nacional de Agricultura
041 _a(Pt)
072 _aL74
100 1 _aMéndez, M. del C.
100 1 _aAragão, M.
100 1 _aElias, F.
100 1 _aRiet-Correa, F.
100 1 _aGimeno, E.J.
245 1 _aExperimental intoxication by the leaves of Melia azedarach (Meliaceae)in cattle
650 _aBOVINO
650 _aINTOXICAÇÃO
650 _aPLANTA TÓXICA
650 _aCINAMOMO
650 _aMELIACEAE
773 0 _tPesquisa Veterinária Brasileira (Brazil)
_xISSN 0100-736X
_g(Jan-Mar 2002), v. 22(1) p. 19-24
_wBR0205614
909 _a202311
_bLúcia
_c55
_dLúcia Elande
942 _2AGRIS
_n0
_cANA
999 _c172631
_d172631